Statistics for Most Popular Boy Baby Names 2012

Click here to take the quiz!

General Stats

  • This quiz has been taken 947 times
  • The average score is 4 of 10

Answer Stats

HintAnswer% Correct
1Jacob
66%
6Michael
58%
3William
54%
10Daniel
43%
7Ethan
43%
8Alexander
41%
5Noah
41%
9Aiden
37%
2Mason
32%
4Jayden
31%

Score Distribution

Percentile by Number Answered

Percent of People with Each Score

Your Score History

You have not taken this quiz